00946nai a2200205Ia 4500003000900000008004100009022002300050040001600073245008800089260008600177310001400263362002500277521006900302650005100371650003900422856009300461942000700554999001700561952016200578IN-BaIIA211028c9999 xx s 000 0 eng d a2637-6423 (Online) cIIA Library 0aIEEE Letters on Electromagnetic Compatibility Practice and Applicationsh[eJournal] aNew York, USAbThe Institute of Electrical and Electronics Engineers, Inc. (IEEE) aQuarterly a1(1); 2019 - Present bSubscribed through National Knowledge Resource Consortium (NKRC) a Engineered Materials, Dielectrics and Plasmas aFields, Waves and Electromagnetics uhttps://ieeexplore.ieee.org/servlet/opac?punumber=8566057yClick Here to Access eJournal cEJ c34541d34541 00104070aBANbBANd2009-01-01eNKRCh1(1); 2019 - Presentl0pEJ625r2021-11-05uhttps://ieeexplore.ieee.org/servlet/opac?punumber=8566057w2021-11-05yEJ